Referativnyj sbornik naučno-issledovateľskich rabot 7: Aviacija. aviastrojenije. raketostrojenije

Uloženo v:
Podrobná bibliografie
Médium: Seriál
Jazyk:ruština
Vydáno: Moskva : Meždunarodnyj centr naučnoj i techničeskoj informacii
Témata:
On-line přístup: Získat plný text
Tagy: Přidat tag
Žádné tagy, Buďte první, kdo vytvoří štítek k tomuto záznamu!

MARC

LEADER 00000nas a2200000 4500
003 SK-BrCVT
005 20250203120000.0
008 d199u1991ru e c rus
035 |a CVTIDW1244257 
040 |b slo  |a BA002  |e AACR2  |c CVTI SR  |d CVT 
041 0 |a rus 
044 |a ru 
080 |a 629.7(051)  |2 UDC-MRF 
080 |a 533.6(051)  |2 UDC-MRF 
245 1 0 |a Referativnyj sbornik naučno-issledovateľskich rabot  |n 7:  |p Aviacija. aviastrojenije. raketostrojenije 
260 |a Moskva :  |b Meždunarodnyj centr naučnoj i techničeskoj informacii 
310 |a Dvojmesačník 
500 |a Vo fonde od roku:1982 
500 |a R. 1986, č. 1-6 bol vyradený - strata; Od r. 1991 zanikol. 
653 1 |a aerodynamika  |a letecká technika  |a letectvo  |a kozmonautika  |a konštrukcia lietadiel  |a konštrukcia rakiet  |a vedeckovýskumné práce 
910 |b C5287 
942 |2 udc  |c 15 
999 |c 151506  |d 151506 
974 |b Soňa Beutelhauserová